| 000 | 00651nam a22001937a 4500 | ||
|---|---|---|---|
| 999 |
_c57801 _d57801 |
||
| 005 | 20201208135817.0 | ||
| 008 | 201208r2012 enk||||| |||| 00| 0 eng d | ||
| 020 | _a9781405391245 | ||
| 041 | _aeng | ||
| 080 | _a159.9(092) T-44 | ||
| 245 |
_aThe Psychology Book (Big Ideas) _cCatherine Collin; Nigel Benson; Joannah Ginsburg. |
||
| 264 |
_aLondon : _bPenguin Books Ltd, _c2012. |
||
| 300 |
_a352 p. _b25 cm. |
||
| 653 | _aფსიქოლოგია | ||
| 700 |
_aCollin Catherine _eავტორი _99869 |
||
| 700 |
_aBenson, Nigel _eავტორი _99870 |
||
| 700 |
_aGinsburg, Joannah _eავტორი _99871 |
||
| 942 |
_2udc _cBK |
||